000 00541nam a2200217Ia 4500
008 101110s9999 xx 000 0 und d
041 _aENGLISH
082 _bSR33121
100 _aMisra S.K. & Puri V.K.
245 _aBusiness economics SYBCOM
260 _c2009
_bHimalaya publishing house,Mumbai
300 _a319
365 _b135
520 _aEconomics
546 _aENGLISH
630 _aBusiness economics SYBCOM
650 _aEconomics
655 _aEconomics
730 _aBusiness economics SYBCOM
942 _cBOOK
999 _c825622
_d825619